| 000 | 00547nam a22001817a 4500 | ||
|---|---|---|---|
| 003 | BD-DhUL | ||
| 005 | 20190320145346.0 | ||
| 008 | 190320s1985 nyua|||| |||| 000 0 eng d | ||
| 040 |
_aBD-DhUL _cBD-DhUL |
||
| 082 |
_a341.23 _bUNW |
||
| 110 | 2 | _aUnited Nations. | |
| 245 | 0 |
_aWithin our reach / _cUnited Nations. |
|
| 260 |
_aNew York : _bUnited Nations, _c1985. |
||
| 300 |
_a45 p. : _bill. ; _c28 cm. |
||
| 500 | _a"Highlights of the economic and social work of the United Nations, 1945-1985" | ||
| 650 | _aUnited Nations. | ||
| 942 |
_2ddc _cBK |
||
| 999 |
_c246680 _d246680 |
||